000 00488nam a2200181Ia 4500
008 100920s9999 xx 000 0 und d
082 _b78862
_a6 थ 87
100 _aCOONTS STEPHEN.
245 _aFlight of the intruder.
260 _bPOCKET BOOKS , NEW YORK.
_c1987
300 _a437
_bसाधी
365 _b450
520 _aई.एल. एफ.
630 _aFlight of the intruder.
650 _aई.एल. एफ.
730 _aFlight of the intruder.
942 _cBOOK
999 _c719991
_d719988